[Event "IsBank TCh-TUR"]
[Site "Konya TUR"]
[Date "2010.06.29"]
[Round "1"]
[White "Atalik,S"]
[Black "Kinsiz,O"]
[Result "1-0"]
[WhiteElo "2607"]
[BlackElo "2219"]
[EventDate "2010.06.29"]

1. d4 Nf6 2. c4 e6 3. Nc3 Bb4 4. g3 c5 5. Nf3 O-O 6. Bg2 d5 7. cxd5 Nxd5 8.
Bd2 cxd4 9. Nxd5 Bxd2+ 10. Qxd2 Qxd5 11. Qxd4 Nc6 12. Qc3 Qh5 13. h3 Bd7
14. O-O Rac8 15. Rfd1 Rfd8 16. Rd6 Be8 17. Rad1 Rxd6 18. Rxd6 Qb5 19. Nd4
Qe5 20. Nxc6 Qxc3 21. bxc3 bxc6 22. c4 c5 23. f4 Kf8 24. Kf2 Ke7 25. Ra6
Rc7 26. e4 Bd7 27. e5 Bc8 28. Ra5 Bd7 29. g4 Bc8 30. Ke3 Bd7 31. Be4 h6 32.
h4 Bc8 33. g5 Bd7 34. gxh6 gxh6 35. Kf2 Be8 36. Kg3 f6 37. Kf2 Bd7 38. Ra3
Be8 39. Rb3 f5 40. Bf3 Ba4 41. Ra3 Be8 42. Ke3 Kf8 43. Rb3 Ke7 44. Rb8 a5
45. Ra8 a4 46. Ra6 Bd7 47. Kd2 Be8 48. Kc3 Bd7 49. a3 Rc8 50. Ra7 Ke8 51.
Bd1 Rb8 52. Bc2 Kd8 53. Bxa4 Bxa4 54. Rxa4 Rb1 55. Ra6 Kd7 56. Ra7+ Kd8 57.
a4 Rf1 58. a5 Rf3+ 59. Kb2 Rxf4 60. Kb3 Rf1 61. Ka4 Rb1 62. a6 Kc8 63. Re7
Kb8 64. Ka5 f4 65. Rxe6 f3 66. Rf6 Rb3 67. Rf7 Re3 68. Kb6 Rb3+ 69. Kxc5
1-0

[Event "IsBank TCh-TUR"]
[Site "Konya TUR"]
[Date "2010.06.29"]
[Round "1"]
[White "Ataman,A"]
[Black "Pantsulaia,L"]
[Result "0-1"]
[WhiteElo "2191"]
[BlackElo "2587"]
[EventDate "2010.06.29"]

1. d4 Nf6 2. Nf3 e6 3. g3 b5 4. Bg2 Bb7 5. O-O c5 6. c3 Na6 7. Bg5 Be7 8.
Nbd2 O-O 9. Bxf6 Bxf6 10. e3 Qb6 11. a4 b4 12. Qe2 d5 13. Rfc1 Rfc8 14. Bf1
Rab8 15. Qd1 h6 16. Be2 Rc7 17. Qf1 c4 18. h4 Qd6 19. Qg2 Qd8 20. Nh2 bxc3
21. bxc3 Bc6 22. Bf3 Be8 23. e4 Rb2 24. Nhf1 dxe4 25. Nxe4 Be7 26. Rd1 Bc6
27. Ne3 Qb8 28. Nf6+ Bxf6 29. Bxc6 Qb3 30. Bb5 Nb8 31. Qa8 Rc8 32. Rac1 Qa2
33. Ra1 Qb3 34. Rac1 Qa2 35. Ra1 Qb3 36. Rac1 a6 37. Bxa6 Qxa4 38. Bb7 Qxa8
39. Bxa8 Nd7 40. Be4 Rb3 41. Rd2 Be7 42. Bg2 Ba3 43. Rcc2 Nb6 44. Bf1 Na4
45. Bxc4 Rxc3 46. Rxc3 Nxc3 47. Rd3 Bb4 48. d5 e5 49. Kg2 Ne4 50. Bb5 Nd6
51. Bc6 Bc5 52. Rc3 Bd4 53. Ra3 Rb8 54. Ra8 Rxa8 55. Bxa8 Bxe3 56. fxe3 e4
57. g4 g5 58. hxg5 hxg5 59. Kf2 Kg7 60. Bc6 Kf6 61. Ke2 Ke5 62. Kd2 Nc4+
63. Ke2 Kd6 64. Be8 Ne5 65. Kd2 Ke7 66. Bb5 Nxg4 67. Kc3 Nxe3 68. Kd4 Nf5+
69. Ke5 Nd6 70. Be2 f6+ 71. Kd4 Nf5+ 0-1

[Event "IsBank TCh-TUR"]
[Site "Konya TUR"]
[Date "2010.06.29"]
[Round "1"]
[White "Atalik,E"]
[Black "Topel,Z"]
[Result "1/2-1/2"]
[WhiteElo "2444"]
[BlackElo "2226"]
[EventDate "2010.06.29"]

1. d4 Nf6 2. c4 g6 3. Nc3 Bg7 4. e4 d6 5. h3 O-O 6. Bg5 h6 7. Be3 e5 8. d5
Ne8 9. Qd2 Kh7 10. g4 Nd7 11. Bd3 Nc5 12. Bc2 a5 13. Nge2 Bd7 14. O-O-O a4
15. Rdg1 c6 16. g5 Qa5 17. gxh6 Bf6 18. h4 b5 19. dxc6 Bxc6 20. cxb5 Bxb5
21. Nxb5 Qxb5 22. Nc3 Qb4 23. Nd5 Qc4 24. Kb1 Rb8 25. Qc3 Qxc3 26. Nxc3 a3
27. b3 Bd8 28. Bc1 Nf6 29. Bxa3 Ba5 30. Nd5 Nxd5 31. exd5 Bd2 32. h5 Rg8
33. hxg6+ fxg6 34. Rh4 Rbf8 35. Rg2 Rf4 36. Rh3 e4 37. Bxc5 dxc5 38. Kb2
Rd8 39. Rhg3 Rd6 40. Rg4 Rxg4 41. Rxg4 Rxd5 42. Bxe4 Rd6 43. a4 Kxh6 44.
Kc2 Bb4 45. f3 Rd2+ 46. Kc1 g5 47. Rg1 Rh2 48. Kb1 Bc3 49. Bd5 Rd2 50. Bc4
Rf2 51. Rg3 Bb4 52. Bd3 Rh2 53. Be4 Be1 54. Rg1 Bc3 55. Kc1 Bd2+ 56. Kb1
Bc3 57. Bd5 Rd2 58. Bc4 Rf2 59. Rg3 Bb4 60. Bd5 Rh2 61. Rg4 Rd2 62. Bc6 Rd3
63. Kc2 Rd2+ 64. Kc1 Rd3 65. Kc2 Rd2+ 1/2-1/2

[Event "IsBank TCh-TUR"]
[Site "Konya TUR"]
[Date "2010.06.29"]
[Round "1"]
[White "Kazdagli,B"]
[Black "Catalkilic,O"]
[Result "1-0"]
[WhiteElo "1823"]
[BlackElo "1962"]
[EventDate "2010.06.29"]

1. e4 c5 2. Nf3 d6 3. d4 cxd4 4. Nxd4 Nf6 5. Nc3 a6 6. Bg5 e6 7. f4 Nbd7 8.
Qf3 Qc7 9. O-O-O b5 10. Bd3 Bb7 11. Rhe1 Be7 12. Qh3 b4 13. Nd5 Nxd5 14.
exd5 Bxd5 15. Bxe7 Kxe7 16. Be4 Bxe4 17. Rxe4 Nc5 18. Re3 Rad8 19. f5 e5
20. f6+ gxf6 21. Nf5+ Ke8 22. Qh6 Rg8 23. g3 Ne6 24. Qxh7 Rg6 25. Red3 d5
26. Rxd5 Rxd5 27. Rxd5 Nf8 28. Qh4 Qc6 29. Qxb4 Nd7 30. Qe7+ 1-0

[Event "IsBank TCh-TUR"]
[Site "Konya TUR"]
[Date "2010.06.29"]
[Round "1"]
[White "Asan,E"]
[Black "Firat,Deniz"]
[Result "1-0"]
[WhiteElo "1796"]
[BlackElo "1621"]
[EventDate "2010.06.29"]

1. e4 c5 2. Nf3 d6 3. d4 cxd4 4. Qxd4 Nc6 5. Bb5 Bd7 6. Bxc6 Bxc6 7. Nc3
Nf6 8. Bg5 e6 9. O-O-O Be7 10. Rhe1 O-O 11. Qd2 Qc7 12. Nd4 Rfd8 13. f3 a6
14. g4 b5 15. Nce2 a5 16. h4 b4 17. Kb1 Rab8 18. Ng3 Be8 19. Rg1 a4 20. Nh5
Nxh5 21. gxh5 a3 22. Qg2 g6 23. hxg6 hxg6 24. h5 e5 25. Nf5 f6 26. Bc1 g5
27. b3 Kh7 28. Rd3 Bb5 29. Rdd1 Rb6 30. f4 Rg8 31. fxg5 fxg5 32. Qf2 Rc6
33. Nxe7 Qxe7 34. Rd5 Ba6 35. h6 Rg6 36. Qf5 Kxh6 37. Rh1+ Kg7 38. Rh5 Rc7
39. Qh3 Kf7 40. Rh7+ Rg7 41. Qh5+ Kf8 42. Rh8+ Rg8 43. Qh6+ Qg7 44. Qxd6+
Re7 45. Rxg8+ 1-0

[Event "IsBank TCh-TUR"]
[Site "Konya TUR"]
[Date "2010.06.29"]
[Round "1"]
[White "Ozen,B"]
[Black "Guven,B"]
[Result "1/2-1/2"]
[WhiteElo "2078"]
[BlackElo "1735"]
[EventDate "2010.06.29"]

1. d4 Nf6 2. c4 e6 3. Nc3 Bb4 4. Bg5 h6 5. Bxf6 Qxf6 6. Nf3 Bxc3+ 7. bxc3
d6 8. e3 O-O 9. Bd3 e5 10. O-O Qe7 11. Nd2 f5 12. Qh5 c5 13. d5 Qf6 14. e4
f4 15. Rab1 g5 16. Be2 b6 17. Bg4 Qg7 18. Bxc8 Rxc8 19. Qg4 Re8 20. h4 Nd7
21. hxg5 hxg5 22. Nf3 Nf6 23. Qf5 Nh7 24. Nh2 Rab8 25. Qh3 Nf6 26. f3 Rb7
27. Ng4 Nxg4 28. Qxg4 Qh6 29. Kf2 Qh4+ 30. Qxh4 gxh4 31. Rh1 Rh7 32. a4 Rd8
33. Rh3 Kg7 34. Rbh1 Rdh8 35. Ra1 Rb8 36. Ke2 Kf6 37. Rah1 1/2-1/2

[Event "IsBank TCh-TUR"]
[Site "Konya TUR"]
[Date "2010.06.29"]
[Round "1"]
[White "Ozturk,H"]
[Black "Yigit,A"]
[Result "1-0"]
[WhiteElo "1671"]
[BlackElo "1734"]
[EventDate "2010.06.29"]

1. e4 e5 2. Nf3 Nc6 3. Bb5 a6 4. Ba4 Nf6 5. O-O Be7 6. Re1 b5 7. Bb3 d6 8.
c3 O-O 9. h3 Na5 10. Bc2 c5 11. d4 Qc7 12. Nbd2 cxd4 13. cxd4 Nc6 14. Nb3
a5 15. Be3 a4 16. Nbd2 Bd7 17. Rc1 Qb7 18. Qe2 Rfe8 19. Bd3 Rab8 20. a3
exd4 21. Nxd4 Ne5 22. Bb1 b4 23. N4f3 Bb5 24. Qd1 bxa3 25. bxa3 Nxf3+ 26.
Qxf3 Nd7 27. Bd4 Bf6 28. Bxf6 Nxf6 29. Nc4 Bxc4 30. Rxc4 Qa6 31. Rc3 Rec8
32. Rec1 Rxc3 33. Qxc3 h6 34. Qc7 Re8 35. Ba2 Rf8 36. Qe7 Qa8 37. Rc7 Qe8
38. Qxe8 Nxe8 39. Ra7 Nf6 40. f3 Nh5 41. Rxa4 Rc8 42. Ra7 Rf8 43. Rd7 Nf4
44. Rxd6 Ra8 45. Rd7 Rxa3 46. Bxf7+ Kh7 47. Rd2 Ra1+ 48. Kh2 Ra7 49. Be8
Ra8 50. Bc6 Rc8 51. Bd5 Rd8 52. Kg3 Ne6 53. h4 Kg6 54. Ra2 Nc7 55. Ra5 Rd7
56. Rc5 Kf6 57. Kf4 Ke7 58. Ke5 Ne8 59. g4 Nf6 60. Be6 Ra7 61. g5 hxg5 62.
hxg5 Nh7 63. f4 Nf8 64. Rc6 Ra5+ 65. Bd5 Nd7+ 66. Kf5 Rb5 67. Kg6 Kf8 68.
Rc8+ Ke7 69. Bc6 Rb6 70. Kxg7 Nb8 71. Bd5 Nd7 72. f5 1-0

[Event "IsBank TCh-TUR"]
[Site "Konya TUR"]
[Date "2010.06.29"]
[Round "1"]
[White "Esen,B"]
[Black "Gelashvili,T"]
[Result "1-0"]
[WhiteElo "2521"]
[BlackElo "2614"]
[EventDate "2010.06.29"]

1. d4 Nf6 2. c4 e6 3. Nf3 Nc6 4. a3 d6 5. Nc3 g6 6. e4 Bg7 7. d5 exd5 8.
cxd5 Nb8 9. Be2 O-O 10. O-O Re8 11. Qc2 Qe7 12. Re1 a6 13. Bf4 Nbd7 14.
Rac1 h6 15. b4 g5 16. Bd2 Nf8 17. Bd3 Ng6 18. Ne2 Bg4 19. Ned4 Rac8 20. b5
axb5 21. Bxb5 Nd7 22. Nf5 Bxf5 23. exf5 Nge5 24. Nxe5 Bxe5 25. f6 Nxf6 26.
Bxe8 Rxe8 27. Qxc7 Nxd5 28. Qxe7 Rxe7 29. Rb1 Rc7 30. Rec1 Bc3 31. Be3 Re7
32. Ba7 Kh7 33. Rd1 b5 34. Bb8 b4 35. Bxd6 bxa3 36. Bxa3 Re5 37. Bd6 Nf4
38. Bxe5 Bxe5 39. Rd7 Kg6 40. Rbb7 f5 41. Rb6+ Kh5 42. Rb5 Ng6 43. Rdd5 Bg7
44. Rxf5 Nh4 45. Rf7 Kg6 46. Rc7 1-0

[Event "IsBank TCh-TUR"]
[Site "Konya TUR"]
[Date "2010.06.29"]
[Round "1"]
[White "Arduman,C"]
[Black "Haznedaroglu,K"]
[Result "1/2-1/2"]
[WhiteElo "2335"]
[BlackElo "2501"]
[EventDate "2010.06.29"]

1. d4 d5 2. Nf3 Nf6 3. Bf4 g6 4. e3 Bg7 5. h3 O-O 6. Be2 c5 7. c3 Nc6 8.
O-O Nd7 9. Nbd2 e5 10. dxe5 Ndxe5 11. Nxe5 Nxe5 12. Nf3 Nc6 13. Qb3 b6 14.
Rad1 Be6 15. Ng5 Qe7 16. Nxe6 fxe6 17. Bg3 Rad8 18. Qa4 Ne5 19. e4 g5 20.
exd5 exd5 21. Rfe1 Qf7 22. Kh1 Rfe8 23. Bb5 Re7 24. f4 gxf4 25. Qxf4 Ng6
26. Qg5 Bf6 27. Qg4 d4 28. cxd4 Rxd4 29. Qc8+ Kg7 30. b3 Qd5 31. Rxd4 Rxe1+
32. Bxe1 Qxd4 33. Qd7+ Ne7 1/2-1/2

[Event "IsBank TCh-TUR"]
[Site "Konya TUR"]
[Date "2010.06.29"]
[Round "1"]
[White "Erdogdu,M"]
[Black "Bayram,Y"]
[Result "1-0"]
[WhiteElo "2458"]
[BlackElo "2288"]
[EventDate "2010.06.29"]

1. e4 e5 2. Nf3 Nc6 3. Bc4 Be7 4. O-O Nf6 5. d3 O-O 6. Re1 d6 7. a4 Nh5 8.
Nc3 Nf4 9. Bxf4 exf4 10. Nd5 g5 11. e5 dxe5 12. Nxe5 Nxe5 13. Rxe5 Bf6 14.
Qe2 Bd7 15. Re1 Bc6 16. Nxf6+ Qxf6 17. Qg4 f3 18. Qxg5+ Qxg5 19. Rxg5+ Kh8
20. Bb5 f6 21. Rf5 Rg8 22. g3 Rg5 23. Rxg5 fxg5 24. Bxc6 bxc6 25. Re7 g4
26. h3 h5 27. hxg4 hxg4 28. Kf1 Rg8 29. Ke1 Rg6 30. Kd2 Kg8 31. Ke3 Kf8 32.
Re4 1-0

[Event "IsBank TCh-TUR"]
[Site "Konya TUR"]
[Date "2010.06.29"]
[Round "1"]
[White "Yilmaz,M"]
[Black "Tulay,B"]
[Result "1-0"]
[WhiteElo "2476"]
[BlackElo "2163"]
[EventDate "2010.06.29"]

1. e4 d6 2. d4 Nd7 3. Nc3 c6 4. f4 e5 5. Nf3 Qc7 6. Bc4 h6 7. O-O Ngf6 8.
a4 a5 9. Be3 Be7 10. Qd2 d5 11. exd5 Nb6 12. Bd3 exd4 13. Bxd4 Nbxd5 14.
Nxd5 cxd5 15. Bb5+ Kf8 16. c3 Ne4 17. Qe3 Bf5 18. Rad1 h5 19. Bb6 Qd6 20.
c4 Rh6 21. Bd4 Kg8 22. Ne5 f6 23. Nf3 Rd8 24. Rfe1 Kh8 25. cxd5 Qxd5 26.
Bd3 Bc5 27. Bxe4 Bxe4 28. Qxe4 Qxe4 29. Rxe4 f5 30. Re2 Rhd6 31. Red2 Bb4
32. Bc3 1-0

[Event "IsBank TCh-TUR"]
[Site "Konya TUR"]
[Date "2010.06.29"]
[Round "1"]
[White "Uzun,S"]
[Black "Coban,Met"]
[Result "1-0"]
[WhiteElo "1966"]
[BlackElo "1919"]
[EventDate "2010.06.29"]

1. e4 c5 2. Nf3 d6 3. d4 cxd4 4. Nxd4 Nf6 5. Nc3 g6 6. Bc4 Bg7 7. h3 O-O 8.
Bb3 a6 9. O-O b5 10. a4 b4 11. Nd5 e6 12. Nxf6+ Qxf6 13. Nf3 Qe7 14. Bf4
Rd8 15. Bg5 Bf6 16. Qd2 Bxg5 17. Nxg5 Qf6 18. f4 Nc6 19. f5 Qd4+ 20. Qxd4
Nxd4 21. fxe6 fxe6 22. Bc4 d5 23. exd5 exd5 24. Bd3 Bf5 25. Bxf5 Nxf5 26.
Rf4 h6 27. Ne6 Rd6 28. Nd4 Nxd4 29. Rxd4 Rc8 30. Rc1 Rc4 31. c3 Rxd4 32.
cxd4 Kf7 33. Kf2 Ke6 34. Rc8 Rb6 35. a5 Kd7 36. Rc5 Rd6 37. Ke3 g5 38. g4
Re6+ 39. Kd3 Kd6 40. Rc8 Rf6 41. Ra8 Kc7 42. Ra7+ Kc8 43. Kc2 Rf3 44. Rxa6
Rxh3 45. Rg6 b3+ 46. Kd2 Kb8 47. Rd6 Rg3 48. Rxh6 Rxg4 49. Kc3 Re4 50. Rg6
g4 51. Rg7 Rf4 52. Rg5 Ka7 53. Rxd5 g3 54. Rg5 Rf3+ 55. Kb4 Rd3 56. Kc4 Rf3
57. Rg6 Kb7 58. d5 Re3 59. Kb5 Rd3 60. Rg7+ Kc8 61. Kc6 1-0

[Event "IsBank TCh-TUR"]
[Site "Konya TUR"]
[Date "2010.06.29"]
[Round "1"]
[White "Buyukasik,D"]
[Black "Yuksel,A"]
[Result "1/2-1/2"]
[WhiteElo "2034"]
[BlackElo "1975"]
[EventDate "2010.06.29"]

1. d4 Nf6 2. Nf3 d5 3. g3 Bg4 4. Bg2 e6 5. O-O Bd6 6. c4 c6 7. b3 Nbd7 8.
Bb2 Bxf3 9. Bxf3 O-O 10. Nc3 Re8 11. Bg2 Rc8 12. Rc1 a6 13. e4 dxe4 14.
Nxe4 Nxe4 15. Bxe4 Nf6 16. Bg2 e5 17. Re1 exd4 18. Qxd4 Qc7 19. Rcd1 Bb4
20. Rxe8+ Rxe8 21. a3 Bf8 22. Bf3 Qc8 23. Kg2 Qf5 24. Qd3 Qe6 25. Rd2 Qc8
26. h4 Re1 27. Re2 Rxe2 28. Qxe2 Qf5 29. b4 h5 30. Qe5 Qc2 31. Qe2 Qf5 32.
Bd4 c5 33. Qe5 Qxe5 34. Bxe5 b5 35. cxb5 axb5 36. Bc3 cxb4 37. axb4 Ne8 38.
Bxh5 Nc7 39. Be2 Nd5 40. Bd2 Bxb4 41. Bxb4 Nxb4 42. Bxb5 Nd5 43. Bc4 Nb6
44. Bb3 g6 45. Kf3 Kg7 46. Ke4 Nd7 47. Kf4 f6 48. g4 Ne5 49. Bc2 Nf7 50.
Ke4 Ne5 51. Bd1 Nf7 52. Kd5 Ne5 53. Be2 Nf7 54. Ke6 Nd8+ 55. Kd5 Nf7 56. f4
g5 57. hxg5 fxg5 58. f5 Kf6 1/2-1/2

[Event "IsBank TCh-TUR"]
[Site "Konya TUR"]
[Date "2010.06.29"]
[Round "1"]
[White "Selbes,T"]
[Black "Galkin,A"]
[Result "0-1"]
[WhiteElo "2263"]
[BlackElo "2597"]
[EventDate "2010.06.29"]

1. e4 c6 2. c4 d5 3. exd5 cxd5 4. cxd5 Nf6 5. Nc3 Nxd5 6. Nf3 e6 7. d4 Be7
8. Bd3 O-O 9. O-O Nc6 10. a3 Bf6 11. Ne4 Bxd4 12. Nxd4 Nxd4 13. Ng5 Nf6 14.
Be3 e5 15. f4 Bg4 16. fxe5 Bxd1 17. Raxd1 Qe7 18. Bxd4 Ng4 19. Bxh7+ Kh8
20. h4 Rad8 21. Bf5 Rxd4 22. Rxd4 Nxe5 23. Rd5 Nc4 24. Be6 f6 25. Nf7+ Kh7
26. Re1 Qc7 27. Rh5+ Kg6 28. Rh8 Rxh8 29. Nxh8+ Kh7 30. Bf5+ g6 31. Nxg6
Qc5+ 0-1

[Event "IsBank TCh-TUR"]
[Site "Konya TUR"]
[Date "2010.06.29"]
[Round "1"]
[White "Reyhan,D"]
[Black "Ergonen,A"]
[Result "1-0"]
[WhiteElo "2325"]
[BlackElo "1995"]
[EventDate "2010.06.29"]

1. e4 d5 2. exd5 Qxd5 3. Nc3 Qa5 4. b4 Qxb4 5. Rb1 Qd6 6. d4 e6 7. Nf3 a6
8. Bd3 Nf6 9. O-O Be7 10. Re1 O-O 11. Ne4 Nxe4 12. Rxe4 Qd8 13. Qe2 b5 14.
Rg4 f5 15. Rg3 Nc6 16. c3 Kh8 17. Ng5 Bxg5 18. Bxg5 Qe8 19. Re1 Bd7 20. h4
b4 21. cxb4 Nxb4 22. Qe5 Nc6 23. Qxc7 Nxd4 24. Bh6 Rf7 25. Qe5 Qe7 26. Qxd4
f4 27. Qe4 gxh6 28. Qxa8+ Rf8 29. Qf3 fxg3 30. Qxg3 a5 31. Re3 Qg7 32. Qd6
Bc8 33. Rg3 Qf6 34. Qc5 Bb7 35. Qa7 Qf7 36. Qd4+ Qf6 37. Qa7 Qf7 38. Qe3
Bd5 39. a3 Qf4 40. Qc5 Qf6 41. f3 Qa1+ 42. Kh2 Qf6 43. Rg4 h5 44. Rg5 Qf7
45. Qd4+ Qf6 46. Qxf6+ Rxf6 47. Rxh5 h6 48. Kg3 Kg7 1-0

[Event "IsBank TCh-TUR"]
[Site "Konya TUR"]
[Date "2010.06.29"]
[Round "1"]
[White "Vural,O"]
[Black "Salepci,O"]
[Result "1-0"]
[WhiteElo "1896"]
[BlackElo "2130"]
[EventDate "2010.06.29"]

1. e4 g6 2. d4 Bg7 3. Nf3 c6 4. Bd3 d6 5. c3 Nf6 6. O-O O-O 7. Re1 Bg4 8.
h3 Bxf3 9. Qxf3 e5 10. dxe5 dxe5 11. Bc4 Nbd7 12. Be3 Qe7 13. Nd2 Nc5 14.
b4 Ne6 15. Nb3 Nd7 16. Rad1 Rfd8 17. Na5 Ndf8 18. Rxd8 Nxd8 19. Rd1 b6 20.
Rxd8 Rxd8 21. Nxc6 Qc7 22. Qxf7+ Qxf7 23. Bxf7+ Kxf7 24. Nxd8+ Ke8 25. Nc6
Kd7 26. Nxa7 Kc7 27. Nb5+ Kc6 28. a4 Ne6 29. Kf1 Bf6 30. Ke2 Be7 31. Kd3
Bg5 32. Bxg5 Nxg5 33. Ke3 Ne6 34. g3 Ng5 35. h4 Nf7 36. f4 Kd7 37. g4 h5
38. gxh5 gxh5 39. fxe5 Nxe5 40. Kf4 Nd3+ 41. Kg5 Nb2 42. a5 Nc4 43. a6 Kc6
44. a7 Kb7 45. Kxh5 1-0

[Event "IsBank TCh-TUR"]
[Site "Konya TUR"]
[Date "2010.06.29"]
[Round "1"]
[White "Guramishvili,S"]
[Black "Zdebskaja,N"]
[Result "1/2-1/2"]
[WhiteElo "2289"]
[BlackElo "2383"]
[EventDate "2010.06.29"]

1. d4 Nf6 2. c4 e6 3. Nf3 d5 4. Nc3 dxc4 5. e3 a6 6. a4 c5 7. Bxc4 Nc6 8.
O-O Be7 9. Qe2 cxd4 10. Rd1 e5 11. exd4 exd4 12. Nxd4 Nxd4 13. Qe5 Qd6 14.
Qxd6 Bxd6 15. Rxd4 Bc5 16. Rd1 O-O 17. Bg5 Be6 18. Bxe6 fxe6 19. Bxf6 gxf6
20. Rd7 Rf7 21. Rad1 Raf8 22. Ne4 Bb4 23. Kf1 Rxd7 24. Rxd7 Rf7 25. Rxf7
Kxf7 26. Ke2 f5 27. Ng5+ Kf6 28. f4 Bd6 29. Nxh7+ Kg6 30. Ng5 Bxf4 31. Nxe6
1/2-1/2

[Event "IsBank TCh-TUR"]
[Site "Konya TUR"]
[Date "2010.06.29"]
[Round "1"]
[White "Aydogdu,A"]
[Black "Okus,M"]
[Result "1-0"]
[WhiteElo "2083"]
[BlackElo "1878"]
[EventDate "2010.06.29"]

1. d4 Nf6 2. Nf3 g6 3. c4 Bg7 4. Nc3 O-O 5. g3 d6 6. Bg2 c6 7. O-O Nbd7 8.
h3 e5 9. e4 exd4 10. Nxd4 Nb6 11. b3 d5 12. exd5 cxd5 13. Ba3 Re8 14. c5
Ne4 15. Rc1 Nxc3 16. Rxc3 Qf6 17. Rd3 Nd7 18. Nb5 Ne5 19. Rxd5 Be6 20. Nc7
Bxd5 21. Nxe8 Rxe8 22. Qxd5 Nc6 23. Qd7 Re7 24. Qd6 h5 25. Bc1 Re2 26. Qd7
h4 27. Qxb7 Nd4 28. c6 Rc2 29. c7 Qe6 30. Bf4 Ne2+ 31. Kh1 Nxf4 32. gxf4
Qd7 33. Qxa7 Rxc7 34. Qa8+ Rc8 35. Qd5 Qa7 36. a4 Qb6 37. a5 Qb4 38. Qb7
Rb8 39. Qxb4 Rxb4 40. a6 Bd4 41. Bd5 Rb5 42. Bc4 Rf5 43. Rd1 Bxf2 44. Rd7
Rxf4 45. a7 Bxa7 46. Rxa7 Rf3 47. Kg2 Rg3+ 48. Kh2 Rf3 49. Rxf7 Rxf7 50.
Kg2 Kg7 51. Bxf7 1-0

[Event "IsBank TCh-TUR"]
[Site "Konya TUR"]
[Date "2010.06.29"]
[Round "1"]
[White "Komut,K"]
[Black "Kerigan,D"]
[Result "1/2-1/2"]
[WhiteElo "1937"]
[BlackElo "2126"]
[EventDate "2010.06.29"]

1. e4 d5 2. exd5 Qxd5 3. Nc3 Qa5 4. d4 c6 5. Nf3 Bf5 6. Bc4 e6 7. O-O Nf6
8. Re1 Be7 9. h3 Nbd7 10. Bf4 O-O 11. Nh4 Bb4 12. Bd2 Bg6 13. Nxg6 hxg6 14.
a3 Bxc3 15. Bxc3 Qc7 16. Qe2 Rad8 17. Bd2 Nb6 18. c3 Nxc4 19. Qxc4 b5 20.
Qe2 Nd5 21. Qe4 Nb6 22. Rad1 a5 23. h4 Rd5 24. Bf4 Qd7 25. Rd3 a4 26. Rg3
Nc4 27. Re2 Rd8 28. Bg5 Re8 29. h5 Nd6 30. Qf3 Nf5 31. Rh3 Nxd4 32. cxd4
Rxg5 33. hxg6 Rxg6 34. Rh5 Rd8 35. Qh3 Kf8 36. Rh8+ Ke7 37. Qh4+ f6 38.
Rxd8 Qxd8 39. Qe4 f5 40. Qxf5 Qxd4 41. Qxg6 Qd1+ 42. Kh2 Qxe2 43. Qxg7+ Kd6
44. Qd4+ Ke7 45. Qg7+ Kd6 46. Qd4+ 1/2-1/2

[Event "IsBank TCh-TUR"]
[Site "Konya TUR"]
[Date "2010.06.29"]
[Round "1"]
[White "Isparta,Sevim"]
[Black "Morgul,E"]
[Result "0-1"]
[WhiteElo "1605"]
[BlackElo "1718"]
[EventDate "2010.06.29"]

1. e4 c6 2. d4 d5 3. exd5 cxd5 4. c4 Nf6 5. Nc3 e6 6. Nf3 Bb4 7. cxd5 Nxd5
8. Bd2 O-O 9. Bd3 Nc6 10. O-O h6 11. Qc1 Bxc3 12. bxc3 Qf6 13. Re1 Nde7 14.
Rb1 Nf5 15. Be4 Rd8 16. Bxc6 bxc6 17. Qa3 Qe7 18. Bc1 Qc7 19. Ne5 Rd5 20.
Bf4 Nd6 21. Nc4 Nxc4 22. Bxc7 Nxa3 23. Rb3 Nc4 24. Rb4 Nd6 25. Reb1 Nb7 26.
Rc4 c5 0-1

[Event "IsBank TCh-TUR"]
[Site "Konya TUR"]
[Date "2010.06.29"]
[Round "1"]
[White "Alev,G"]
[Black "Bal,Sevgican"]
[Result "1-0"]
[WhiteElo "1565"]
[BlackElo "1609"]
[EventDate "2010.06.29"]

1. e4 c5 2. Nf3 Nc6 3. d4 cxd4 4. Nxd4 Qb6 5. Nb3 Nf6 6. Bd3 e6 7. Be3 Qc7
8. Nc3 Bb4 9. O-O Bxc3 10. bxc3 d5 11. exd5 Nxd5 12. Bd2 O-O 13. Qh5 Nf6
14. Qh4 Ne5 15. Qg3 Nh5 16. Qg5 Nxd3 17. cxd3 Nf6 18. Rfe1 Nd5 19. c4 h6
20. Qh4 Qe7 21. Qg3 Nb6 22. Bxh6 Qf6 23. Bf4 Nd7 24. Nd2 a6 25. Ne4 Qf5 26.
Nd6 Qh7 27. Bg5 f6 28. Nxc8 Raxc8 29. Bd2 Ne5 30. Re3 Rfd8 31. Bc3 Rxd3 32.
Bxe5 Rxe3 33. Qxe3 fxe5 34. Qxe5 Qf5 35. Qxf5 exf5 36. Rc1 Kf7 37. Rb1 Rc7
38. Kf1 Ke6 39. Ke2 Ke5 40. Kd3 Rd7+ 41. Kc3 Rc7 42. Re1+ Kd6 43. Kd4 Rd7
44. Re5 Kc6+ 45. Kc3 g6 46. Re6+ Rd6 47. Rxd6+ Kxd6 48. Kd4 Kc6 49. Ke5 Kc5
50. Kf6 b5 51. cxb5 axb5 52. Kxg6 Kb4 53. h4 Ka3 54. h5 b4 55. h6 1-0

[Event "IsBank TCh-TUR"]
[Site "Konya TUR"]
[Date "2010.06.30"]
[Round "2"]
[White "Alev,G"]
[Black "Sasmazel,B"]
[Result "0-1"]
[WhiteElo "1565"]
[BlackElo "1876"]
[EventDate "2010.06.29"]

1. e4 e5 2. Nf3 Nc6 3. d4 exd4 4. Bc4 Nf6 5. O-O d6 6. Nxd4 Be7 7. Nc3 O-O
8. h3 Ne5 9. Be2 a6 10. f4 Nc6 11. Nxc6 bxc6 12. Be3 d5 13. e5 Nd7 14. Bf3
Nb6 15. b3 f6 16. Bxb6 cxb6 17. Nxd5 Bc5+ 18. Kh1 fxe5 19. Nc3 Bb7 20. Ne2
Qc7 21. fxe5 Qxe5 22. g3 Be3 23. Qd7 Rf7 24. Qg4 Raf8 25. Kg2 h5 26. Qe4
Qxe4 27. Bxe4 Rf2+ 0-1

[Event "IsBank TCh-TUR"]
[Site "Konya TUR"]
[Date "2010.06.30"]
[Round "2"]
[White "Suer,U"]
[Black "Vatansever,Berk"]
[Result "1/2-1/2"]
[WhiteElo "1793"]
[BlackElo "1720"]
[EventDate "2010.06.29"]

1. c4 c5 2. Nc3 g6 3. Nf3 Bg7 4. e3 Nc6 5. d4 cxd4 6. exd4 d6 7. Be3 e6 8.
Qd2 Nge7 9. Bd3 a6 10. Rd1 d5 11. O-O O-O 12. Bh6 dxc4 13. Bxc4 b5 14. Bxg7
Kxg7 15. Bb3 Na5 16. Bc2 Nc4 17. Qc1 Bb7 18. Be4 Nd5 19. Nxd5 exd5 20. Bd3
Rc8 21. Qb1 Re8 22. Rfe1 Rc7 23. Rxe8 Qxe8 24. b3 Nd6 25. Re1 Re7 26. Rxe7
Qxe7 27. Qe1 Qxe1+ 28. Nxe1 f6 29. Nc2 Kf7 30. f3 a5 31. a3 Bc6 32. Kf2 Ke6
33. h4 Be8 34. g4 a4 35. bxa4 bxa4 36. Ke2 Bb5 37. Ne3 Bxd3+ 38. Kxd3 Nb5
39. Nc2 h6 40. f4 h5 41. gxh5 gxh5 42. Ke3 Nd6 43. Kd3 Kf5 44. Ne3+ Ke6 45.
Kc3 Nb5+ 46. Kb4 Nxd4 47. Kxa4 Kd6 48. Kb4 Nc6+ 49. Kb5 d4 50. Nc4+ Kc7 51.
a4 Ne7 52. Kc5 Nf5 53. a5 d3 54. Kd5 Nxh4 55. Ke4 Ng2 56. Kf3 Nh4+ 57. Ke3
Ng6 58. Kxd3 Nxf4+ 59. Ke4 Ng6 60. Kf5 h4 61. Ne3 1/2-1/2

[Event "IsBank TCh-TUR"]
[Site "Konya TUR"]
[Date "2010.06.30"]
[Round "2"]
[White "Solak,D"]
[Black "Drozdovskij,Y"]
[Result "1/2-1/2"]
[WhiteElo "2547"]
[BlackElo "2625"]
[EventDate "2010.06.29"]

1. e4 c6 2. d3 d5 3. Nd2 g6 4. Ngf3 Bg7 5. g3 e5 6. Bg2 Ne7 7. O-O O-O 8.
c3 Nd7 9. b3 b6 10. Qc2 Bb7 11. Bb2 c5 12. exd5 Nxd5 13. Rfe1 Qc7 14. a3
Ne7 15. b4 h6 16. bxc5 bxc5 17. Nc4 Nc6 18. Rab1 Rab8 19. Nfd2 Nb6 20. a4
Nxc4 21. Nxc4 Na5 22. Nxa5 Bxg2 23. Kxg2 Qxa5 24. c4 Qc7 25. Bc3 Rfd8 26.
Kg1 Rxb1 27. Qxb1 Qd6 28. Re2 f6 29. Rd2 h5 30. Qb7 Rd7 31. Qe4 Kh7 32. f3
Qa6 33. a5 Rb7 34. Qd5 Rb3 35. Rc2 Qc8 36. Kg2 Qb8 37. Be1 Rb1 38. Bf2 Ra1
39. Re2 Rxa5 40. f4 Qb3 41. fxe5 fxe5 42. d4 Qd1 43. Re1 Qc2 44. dxe5 Ra2
45. Qxc5 Qf5 46. Qd4 a5 47. c5 Rc2 48. Qf4 Qe6 49. Qa4 Qd5+ 50. Qe4 Qxc5
51. Qf4 Qc6+ 52. Qf3 1/2-1/2

[Event "IsBank TCh-TUR"]
[Site "Konya TUR"]
[Date "2010.06.30"]
[Round "2"]
[White "Selbes,T"]
[Black "Atakisi,U"]
[Result "1/2-1/2"]
[WhiteElo "2263"]
[BlackElo "2384"]
[EventDate "2010.06.29"]

1. e4 c5 2. Na3 Nc6 3. Bb5 d6 4. Nf3 Bd7 5. O-O Nf6 6. Re1 a6 7. Bxc6 Bxc6
8. e5 dxe5 9. Nxe5 Qd5 10. Nxc6 Qxc6 11. Nc4 e6 12. d3 Be7 13. Bf4 O-O 14.
a4 b5 15. Ne5 Qb7 16. Qf3 Qxf3 17. gxf3 Nd5 18. Bd2 Rfc8 19. c4 bxc4 20.
dxc4 Nf6 21. Rad1 Rab8 22. Bc3 Rb7 23. Kh1 Kf8 24. Rd3 Ke8 25. f4 g6 26.
Rh3 h5 27. Rhe3 Ng8 28. Rg1 Nh6 29. Nxg6 fxg6 30. Rxg6 Nf5 31. Rexe6 Rd8
32. Rxa6 Rd1+ 33. Rg1 Rxg1+ 34. Kxg1 Nd6 35. Ra8+ Kd7 36. a5 Nc8 37. f5 Bd6
38. f6 Ra7 39. Rxa7+ Nxa7 40. Kg2 Nc6 41. a6 Ke6 42. Kh3 Bc7 43. Kh4 Bxh2
44. Kxh5 Kf7 45. Kg5 Bc7 46. Kf5 Bb6 47. f4 Nb8 48. Ke5 Nxa6 49. Kd5 Bd8
50. Kc6 Bxf6 51. Kb7 Nb4 52. Bxb4 cxb4 53. b3 Bh4 54. Kc7 Ke7 55. Kc6 Kd8
56. Kb6 Kc8 57. Ka5 Kb7 58. Kb5 Ka7 59. Kxb4 Kb6 1/2-1/2